Music Quiz

Random Music or Clickable Quiz
Score 0/50 Timer 06:00
2 Plays Today
% Correct
Again
91.3%
Name
89.9%
Real
88.6%
Wants
86.2%
Arms
86.1%
Me
85.3%
Way
85.2%
God
84.1%
Song
82.7%
Small
82.6%
Matter
81.2%
Time
80%
Gonna
79.6%
Feels
79.4%
She
78.6%
Fly
78.4%
Never
72.7%
Blue
70.6%
Man
66.3%
On
63.6%
Found
63.3%
Love
63.3%
Girl
63%
Morning
62.3%
Picture
59.8%
% Correct
Shape
58.1%
Pimpin'
57.6%
Married
56.7%
Knew
56%
Goodbye
55.3%
Desert
55.2%
Want
52.1%
Bring
51.5%
Bounce
48.8%
Meet
47.6%
Try
44.5%
Here
44.4%
Need
44.1%
Case
43%
Know
41%
Be
40.4%
Sang
39.8%
Pinch
38.8%
Hot
35%
Most
30.9%
More
30.6%
Tell
30.1%
Bag
29%
Swear
24.1%
Wish
18.1%
Remove Ads.
Support Sporcle.
Get the best of Sporcle when you Go Orange. This ad-free experience offers more features, more stats, and more fun while also helping to support Sporcle. Thank you for becoming a member.

You're not logged in!

Compare scores with friends on all Sporcle quizzes.
OR
Log In

Sporcle TV

Today on Sporcle TV


Watch our educational content, quiz creation guides, and fun videos on Sporcle TV.

Show Comments

Extras

Top Quizzes Today


Score Distribution

Paid Content

Your Account Isn't Verified!

In order to create a playlist on Sporcle, you need to verify the email address you used during registration. Go to your Sporcle Settings to finish the process.

Report this User

Report this user for behavior that violates our Community Guidelines.

Details: